Biggest European Subdivisions by Population - Statistics

General Stats
  • This quiz has been taken 65 times
  • The average score is 18 of 28
Answer Stats
Hint Population Answer % Correct
United Kingdom 56,489,800 England
98%
Germany 13,140,183 Bavaria
97%
Spain 7,780,479 Catalonia
93%
Russia 13,010,112 Moscow
93%
Russia 8,524,665 {Moscow} Oblast
93%
United Kingdom 5,463,300 Scotland
90%
Spain 6,779,888 Madrid
86%
Italy 9,965,046 Lombardy
81%
Netherlands 17,424,978 Netherlands
81%
Spain 8,464,411 Andalusia
78%
Belgium 6,629,143 Flanders
76%
France 12,997,058 Île-de-France
76%
Russia 5,601,911 Saint Petersburg
73%
Germany 17,925,570 North Rhine-Westphalia
69%
Germany 11,103,043 Baden-Württemberg
66%
Germany 8,003,421 Lower Saxony
66%
Italy 5,715,190 Lazio
61%
Germany 6,293,154 Hesse
56%
Spain 5,057,353 Valencia
56%
France 5,081,101 Provence-Alpes-Côte d'Azur
53%
Italy 5,590,681 Campania
47%
France 5,556,219 Grand Est
47%
France 6,004,947 Hauts-de-France
41%
France 5,933,185 Occitanie
37%
France 8,042,936 Auvergne-Rhône-Alpes
32%
France 6,010,289 Nouvelle-Aquitaine
31%
Russia 5,838,273 Krasnodar
25%
Poland 5,432,000 Masovian
10%
No matching quizzes found
Score Distribution
Percent of People with Each Score
Percentile by Number Answered
Your Score History
You have not taken this quiz